[Event "SV Bochum-Linden 1 - SC Lünen Horstmar "]
[Site "Verbandsklasse, Gruppe 3 2017"]
[Date "2017.10.08"]
[Round "2.6"]
[White "Marx, Henning"]
[Black "Akcapinar, Yavuz"]
[Result "1-0"]
[WhiteElo "1955"]
[BlackElo "1740"]
[Annotator "Daniel"]
[PlyCount "69"]
[EventDate "2017.??.??"]

1. d4 Nf6 2. Nf3 e6 3. Bg5 h6 4. Bh4 d5 5. e3 Be7 6. Bd3 O-O 7. Nbd2 b6 8. O-O
Ba6 9. Bxa6 Nxa6 10. Ne5 Qe8 11. f4 c5 12. c3 Rc8 13. Qe2 Nc7 14. Rf3 Nb5 15.
g4 Nd6 16. Rh3 Nfe4 17. Bxe7 Qxe7 18. Nxe4 Nxe4 19. g5 g6 20. Rxh6 Kg7 21. Qg4
cxd4 22. exd4 Rh8 $11 23. Qh4 Nd6 24. Rxh8 Rxh8 25. Qg3 Nf5 26. Qf2 Qc7 27. Rf1
Rh5 28. Qe2 Nd6 29. Rf3 b5 30. Ng4 a6 31. Qe5+ Kf8 32. Re3 Qc6 33. Nh6 Ke7 34.
Qf6+ Kf8 35. Rxe6 1-0

[Event "SV Bochum-Linden 1 - SC Lünen Horstmar "]
[Site "Verbandsklasse, Gruppe 3 2017"]
[Date "2017.10.08"]
[Round "2.7"]
[White "Hagedorn, Dirk"]
[Black "Hochstein, Udo"]
[Result "1/2-1/2"]
[WhiteElo "1764"]
[BlackElo "1876"]
[PlyCount "48"]
[EventDate "2017.??.??"]

1. d4 Nf6 2. Nf3 d5 3. e3 e6 4. Bd3 c5 5. c3 Nc6 6. Nbd2 Bd6 7. O-O O-O 8. e4
cxd4 9. cxd4 dxe4 10. Nxe4 Nxe4 11. Bxe4 Be7 12. Be3 Nb4 13. Qb3 Nd5 14. Rac1
a5 15. Bxd5 exd5 16. Bf4 a4 17. Qc2 Qb6 18. Rfe1 Be6 19. Qc7 Bd8 20. Qc3 Rc8
21. Qd2 Rxc1 22. Rxc1 Bf6 23. Bc7 Qa6 24. Qb4 Rc8 1/2-1/2

[Event "SV Bochum-Linden 1 - SC Lünen Horstmar "]
[Site "Verbandsklasse, Gruppe 3 2017"]
[Date "2017.10.08"]
[Round "2.8"]
[White "Pappert, Thomas"]
[Black "Steinzen, Johannes"]
[Result "1/2-1/2"]
[WhiteElo "1750"]
[BlackElo "1760"]
[Annotator "Daniel"]
[PlyCount "71"]
[EventDate "2017.??.??"]

1. c4 f5 2. f4 Nf6 3. Nf3 e6 4. e3 d5 5. d4 c6 6. Nc3 Be7 7. Be2 O-O 8. O-O Ne4
9. Qc2 Nd7 10. b3 Ndf6 11. Bb2 Bd7 12. Ne5 Be8 13. c5 Bh5 14. b4 Bxe2 15. Qxe2
Nd7 16. Nd3 a6 $11 17. Nf2 Nef6 18. Rfb1 b5 19. a4 Qc7 20. a5 Qd8 21. Kf1 Ne4
22. Ncxe4 dxe4 23. Bc3 Nf6 24. Ke1 Nd5 25. Kd2 g6 26. Rh1 Kf7 27. g4 Ke8 28.
Rag1 Kd7 29. g5 Rh8 30. Nh3 Bf8 31. Qg2 Bg7 32. Nf2 Ke7 33. Rb1 Qd7 34. h4 Rad8
35. Rhd1 Kf7 36. Qg3 1/2-1/2

[Event "SC Buer-Hassel 1 - SG Winz-Baak 1"]
[Site "Verbandsklasse, Gruppe 3 2017"]
[Date "2017.10.08"]
[Round "2.1"]
[White "Schwake, Peter"]
[Black "Griebl, Joern"]
[Result "0-1"]
[WhiteElo "1883"]
[BlackElo "2195"]
[PlyCount "52"]
[EventDate "2017.??.??"]

1. Nf3 Nf6 2. g3 g6 3. Bg2 Bg7 4. O-O O-O 5. d4 d6 6. c4 Nbd7 7. Nc3 c6 8. e4
e5 9. d5 cxd5 10. cxd5 Nc5 11. Re1 Qb6 12. Rb1 a5 13. Be3 Bd7 14. h3 Rac8 15.
Nd2 Ne8 16. Nc4 Qa6 17. b4 Qxc4 18. bxc5 Qxc3 19. Rxb7 Ba4 20. Qe2 dxc5 21. Bd2
Qc2 22. Rc1 Qxa2 23. Rbb1 Bh6 24. f4 exf4 25. Ra1 Qb2 26. gxf4 Bxf4 0-1

[Event "SC Buer-Hassel 1 - SG Winz-Baak 1"]
[Site "Verbandsklasse, Gruppe 3 2017"]
[Date "2017.10.08"]
[Round "2.2"]
[White "Bossy, Arnim"]
[Black "Kotzem, Ernst"]
[Result "1-0"]
[WhiteElo "2145"]
[BlackElo "1802"]
[PlyCount "37"]
[EventDate "2017.??.??"]

1. d4 Nf6 2. Bg5 d5 3. Bxf6 exf6 4. e3 Bd6 5. Bd3 g6 6. Nd2 f5 7. Ne2 Nd7 8. c4
dxc4 9. Nxc4 Bb4+ 10. Nc3 b5 11. Nd2 a6 12. O-O Nf6 13. a4 bxa4 14. Qxa4+ Bd7
15. Qxb4 Rb8 16. Qa3 Bb5 17. Nxb5 axb5 18. Qc5 Nd7 19. Bxb5 1-0

[Event "SC Buer-Hassel 1 - SG Winz-Baak 1"]
[Site "Verbandsklasse, Gruppe 3 2017"]
[Date "2017.10.08"]
[Round "2.3"]
[White "Boetzel, Martin"]
[Black "Wolff, Christoph"]
[Result "0-1"]
[WhiteElo "1758"]
[BlackElo "1963"]
[Annotator "Daniel"]
[PlyCount "64"]
[EventDate "2017.??.??"]

1. d4 Nf6 2. Nf3 g6 3. Bf4 Bg7 4. h3 O-O 5. e3 d5 6. c4 c5 7. Nc3 Nc6 8. Be2
cxd4 9. Nxd4 Nxd4 10. Qxd4 Qa5 11. O-O Be6 12. Qd2 dxc4 13. Ne4 Qxd2 14. Nxd2
b5 15. Be5 Rfd8 16. Nf3 Nd5 17. Bxg7 Kxg7 18. Nd4 Bd7 19. Rfd1 Rac8 20. Bf3 Be8
21. e4 Nb4 22. Bg4 Rb8 23. Be2 e5 24. Nf3 f6 25. a3 Nc2 26. Rac1 Nd4 27. Kf1
Rbc8 28. Ke1 a5 29. a4 $11 Nxe2 30. Kxe2 bxa4 31. Rxd8 Rxd8 32. Rxc4 Bb5 0-1

[Event "SC Buer-Hassel 1 - SG Winz-Baak 1"]
[Site "Verbandsklasse, Gruppe 3 2017"]
[Date "2017.10.08"]
[Round "2.4"]
[White "Wiechen, Ulrich"]
[Black "Kraus, Torsten"]
[Result "0-1"]
[WhiteElo "1934"]
[BlackElo "1756"]
[PlyCount "40"]
[EventDate "2017.??.??"]

1. e4 c5 2. Nf3 d6 3. d4 cxd4 4. Nxd4 Nf6 5. Nc3 a6 6. f4 e5 7. Nf3 Be7 8. fxe5
dxe5 9. Qxd8+ Bxd8 10. Nxe5 O-O 11. Bf4 b5 12. Bd3 Re8 13. O-O Nh5 14. Nxf7
Kxf7 15. Bxb8+ Kg8 16. Bd6 Bb7 17. a4 Bb6+ 18. Kh1 Re6 19. e5 Ng3+ 20. hxg3
Rh6# 0-1

[Event "SC Buer-Hassel 1 - SG Winz-Baak 1"]
[Site "Verbandsklasse, Gruppe 3 2017"]
[Date "2017.10.08"]
[Round "2.5"]
[White "Groß, Michael"]
[Black "Hirschberg, Markus"]
[Result "1/2-1/2"]
[WhiteElo "1698"]
[BlackElo "1797"]
[PlyCount "85"]
[EventDate "2017.??.??"]

1. e4 e6 2. d4 d5 3. Nc3 Bb4 4. exd5 exd5 5. Bd3 Nf6 6. Nge2 h6 7. O-O c6 8. a3
Ba5 9. Bf4 O-O 10. Ng3 Re8 11. b4 Bb6 12. Nce2 Ne4 13. Nxe4 dxe4 14. Bc4 Be6
15. Bxe6 Rxe6 16. c3 Bc7 17. Qd2 Nd7 18. Ng3 Nf6 19. Nf5 Bxf4 20. Qxf4 Nd5 21.
Qd2 Qf6 22. Ne3 Qg5 23. Kh1 Rae8 24. g3 f5 25. h4 Qf6 26. c4 Nf4 27. d5 cxd5
28. cxd5 Rd6 29. Nxf5 Rxd5 30. Nxh6+ Qxh6 31. Qxf4 Qxf4 32. gxf4 Rf5 33. Kg2
Rxf4 34. Kg3 Rf3+ 35. Kg2 Rd3 36. Rfe1 Kf7 37. Re3 Rd4 38. Rae1 Kf6 39. Kg3 Rd2
40. Rxe4 Rxe4 41. Rxe4 Rd3+ 42. Re3 Rd4 43. f4 1/2-1/2

[Event "SC Buer-Hassel 1 - SG Winz-Baak 1"]
[Site "Verbandsklasse, Gruppe 3 2017"]
[Date "2017.10.08"]
[Round "2.6"]
[White "Wingerning, Gerd"]
[Black "Franke, Wolfgang"]
[Result "1/2-1/2"]
[WhiteElo "1757"]
[BlackElo "1784"]
[PlyCount "28"]
[EventDate "2017.??.??"]

1. e4 Nf6 2. Nc3 d5 3. exd5 Nxd5 4. Nxd5 Qxd5 5. d4 Bf5 6. Nf3 Nc6 7. c4 Qd7 8.
Be2 O-O-O 9. Be3 e6 10. a3 g5 11. d5 exd5 12. cxd5 g4 13. dxc6 Qxc6 14. Qc1
Qxc1+ 1/2-1/2

[Event "SC Buer-Hassel 1 - SG Winz-Baak 1"]
[Site "Verbandsklasse, Gruppe 3 2017"]
[Date "2017.10.08"]
[Round "2.7"]
[White "Haupt, Horst-Peter"]
[Black "Strohmann, Andreas"]
[Result "0-1"]
[WhiteElo "1656"]
[BlackElo "1822"]
[PlyCount "108"]
[EventDate "2017.??.??"]

1. e4 d5 2. exd5 Nf6 3. d4 Nxd5 4. c4 Nb6 5. Nc3 e5 6. Be3 exd4 7. Qxd4 Qxd4 8.
Bxd4 Be6 9. b3 Nc6 10. Be3 Bb4 11. Nge2 Ne5 12. a3 Nd3+ 13. Kd2 O-O-O 14. axb4
Nxf2+ 15. Kc2 Nxh1 16. g3 Bf5+ 17. Kc1 Rd3 18. Bxb6 cxb6 19. Rxa7 Kb8 20. Ra3
Nf2 21. Nd5 Rd1+ 22. Kb2 Rxf1 23. Nxb6 Nd3+ 24. Kc3 Kc7 25. Nd5+ Kd7 26. Ra7
Re8 27. Rxb7+ Kc8 28. Rc7+ Kb8 29. Nd4 Ne5 30. b5 Be4 31. Rc5 Bxd5 32. Rxd5 Rd1
33. Rxe5 Rxe5 34. Nc6+ Kc7 35. Nxe5 f6 36. Nd3 Rh1 37. Nf4 Rxh2 38. Ne6+ Kb7
39. Nxg7 Rf2 40. Nh5 Rf5 41. g4 Rf3+ 42. Kd4 f5 43. gxf5 Rxf5 44. Ng7 Rg5 45.
Ne6 Rg4+ 46. Kd5 h5 47. c5 h4 48. b6 h3 49. Nd8+ Kc8 50. b7+ Kb8 51. c6 h2 52.
Kd6 Rg6+ 53. Ke7 Rg7+ 54. Kd6 h1=Q 0-1

[Event "SC Buer-Hassel 1 - SG Winz-Baak 1"]
[Site "Verbandsklasse, Gruppe 3 2017"]
[Date "2017.10.08"]
[Round "2.8"]
[White "Lazarev, Vadim"]
[Black "Suessmann, Holger"]
[Result "1/2-1/2"]
[WhiteElo "1753"]
[BlackElo "1573"]
[PlyCount "46"]
[EventDate "2017.??.??"]

1. e4 c5 2. Nc3 Nc6 3. g3 g6 4. Bg2 Bg7 5. Nge2 d6 6. O-O e6 7. d3 Nge7 8. Be3
O-O 9. d4 cxd4 10. Nxd4 a6 11. f4 Qb6 12. Na4 Qc7 13. c3 Nxd4 14. cxd4 b5 15.
Rc1 Qa5 16. Nc3 b4 17. Ne2 Bb7 18. Qb3 Rac8 19. a4 Rxc1 20. Nxc1 Bc6 21. Na2
Rb8 22. Nc3 Rc8 23. Na2 Rb8 1/2-1/2

[Event "SV Unser Fritz 1 - Hervest-Dorstener SK"]
[Site "Verbandsklasse, Gruppe 3 2017"]
[Date "2017.10.08"]
[Round "2.1"]
[White "Doering, Carsten"]
[Black "Rutz, Dirk"]
[Result "1-0"]
[WhiteElo "1961"]
[BlackElo "1974"]
[PlyCount "53"]
[EventDate "2017.??.??"]

1. d4 d6 2. c4 Nf6 3. Nc3 g6 4. e4 Bg7 5. f3 O-O 6. Bg5 c6 7. Bd3 a5 8. Nge2 e5
9. d5 Na6 10. Qd2 Qc7 11. O-O Nd7 12. Rac1 Ndc5 13. Bb1 f6 14. Be3 Bd7 15. Rcd1
Rad8 16. Nc1 Bc8 17. Nd3 Nxd3 18. Bxd3 f5 19. Be2 f4 20. Bf2 Bf6 21. dxc6 bxc6
22. Na4 c5 23. Nc3 Nb4 24. a3 Nc6 25. Nd5 Qa7 26. Nxf6+ Rxf6 27. Qd5+ 1-0

[Event "SV Unser Fritz 1 - Hervest-Dorstener SK"]
[Site "Verbandsklasse, Gruppe 3 2017"]
[Date "2017.10.08"]
[Round "2.3"]
[White "Tig, Achmet"]
[Black "Mueller, Martin"]
[Result "1/2-1/2"]
[WhiteElo "1916"]
[BlackElo "2011"]
[PlyCount "32"]
[EventDate "2017.??.??"]

1. d4 f5 2. Nf3 Nf6 3. g3 g6 4. Bg2 Bg7 5. O-O O-O 6. c4 d6 7. Nc3 Qe8 8. d5
Na6 9. Nd4 Rb8 10. e4 fxe4 11. Nxe4 Nxe4 12. Bxe4 Bh3 13. Bg2 Bxg2 14. Kxg2 Nc5
15. b4 e5 16. Nb5 Na6 1/2-1/2

[Event "SV Unser Fritz 1 - Hervest-Dorstener SK"]
[Site "Verbandsklasse, Gruppe 3 2017"]
[Date "2017.10.08"]
[Round "2.4"]
[White "Jungbluth, Michael"]
[Black "Nowok, Frank"]
[Result "1/2-1/2"]
[WhiteElo "1860"]
[BlackElo "1875"]
[PlyCount "73"]
[EventDate "2017.??.??"]

1. d4 Nf6 2. c4 g6 3. Nc3 d5 4. cxd5 Nxd5 5. e4 Nxc3 6. bxc3 Bg7 7. Nf3 c5 8.
Rb1 Nc6 9. d5 Na5 10. Bb5+ Bd7 11. e5 O-O 12. Qe2 Bg4 13. c4 Rc8 14. Bd2 a6 15.
Ba4 Bxf3 16. gxf3 Nxc4 17. Qxc4 b5 18. Bxb5 axb5 19. Rxb5 Bxe5 20. Bh6 Re8 21.
Rxc5 Qd7 22. Rc6 Rcd8 23. f4 Bf6 24. Bg5 Qh3 25. Qe4 Bc3+ 26. Ke2 Rb8 27. Rc1
Rb2+ 28. Rc2 Rxc2+ 29. Qxc2 Bg7 30. Qd3 Qg4+ 31. Qf3 Qd7 32. Kf1 h6 33. Bh4 Ra8
34. d6 exd6 35. Rxd6 Qb5+ 36. Qd3 Qxd3+ 37. Rxd3 1/2-1/2

[Event "SV Unser Fritz 1 - Hervest-Dorstener SK"]
[Site "Verbandsklasse, Gruppe 3 2017"]
[Date "2017.10.08"]
[Round "2.5"]
[White "Hater, Norbert"]
[Black "Mikulski, Georg"]
[Result "0-1"]
[WhiteElo "1879"]
[BlackElo "1908"]
[PlyCount "84"]
[EventDate "2017.??.??"]

1. d4 Nf6 2. Nc3 d5 3. e4 dxe4 4. f3 e3 5. Bxe3 e6 6. Bd3 Nbd7 7. Nge2 Be7 8.
Qd2 b6 9. O-O-O Bb7 10. Ng3 O-O 11. Nge4 a6 12. Qf2 Nd5 13. Nxd5 exd5 14. Nc3
Nf6 15. g4 Qd6 16. Qh4 g6 17. Qf2 c5 18. h4 c4 19. Be2 b5 20. h5 b4 21. Nb1
Rfe8 22. hxg6 fxg6 23. Rh2 Bf8 24. Rdh1 Re7 25. Bg5 Rae8 26. Bd1 Rf7 27. c3
Nxg4 28. fxg4 Rxf2 29. Rxf2 Bg7 30. Rfh2 Bf6 31. Bxf6 Qxf6 32. Rxh7 Re7 33.
R7h6 a5 34. Nd2 bxc3 35. bxc3 Qg5 36. Kc2 Bc6 37. Rh8+ Kf7 38. Kc1 Ke6 39. Rd8
Qe3 40. Rg8 Qxc3+ 41. Bc2 Ba4 42. Rxg6+ Kd7 0-1

[Event "SV Unser Fritz 1 - Hervest-Dorstener SK"]
[Site "Verbandsklasse, Gruppe 3 2017"]
[Date "2017.10.08"]
[Round "2.6"]
[White "Goessling, Juergen"]
[Black "Vengels, Joachim"]
[Result "0-1"]
[WhiteElo "1749"]
[BlackElo "1967"]
[PlyCount "64"]
[EventDate "2017.??.??"]

1. e4 c6 2. d4 d5 3. Nc3 dxe4 4. Nxe4 Nf6 5. Ng3 e6 6. Nf3 c5 7. Bg5 Be7 8. c3
Nbd7 9. Qc2 O-O 10. Rd1 Qc7 11. Bd3 h6 12. Bc1 cxd4 13. Nxd4 Nc5 14. Be2 a6 15.
O-O b5 16. Bf3 Bb7 17. Rfe1 Rac8 18. Qe2 Bxf3 19. Nxf3 Rfd8 20. Nd4 Bd6 21. Qf3
Nd5 22. Qg4 Nf6 23. Qf3 Qb7 24. Qxb7 Nxb7 25. Nb3 Rd7 26. f3 Rcd8 27. Kf1 Kf8
28. Rd2 Nd5 29. Ne4 Bb8 30. g3 Ba7 31. Rc2 Rc8 32. Bd2 Nb4 0-1

[Event "SV Unser Fritz 1 - Hervest-Dorstener SK"]
[Site "Verbandsklasse, Gruppe 3 2017"]
[Date "2017.10.08"]
[Round "2.7"]
[White "Heiming, Thomas"]
[Black "Tober, Julian"]
[Result "1/2-1/2"]
[WhiteElo "1813"]
[BlackElo "1792"]
[Annotator "Daniel"]
[PlyCount "79"]
[EventDate "2017.??.??"]

1. e4 c5 2. Nf3 g6 3. d4 cxd4 4. Qxd4 Nf6 5. Nc3 Nc6 6. Qd1 Bg7 7. Bc4 O-O 8.
O-O d6 9. h3 Qa5 10. a3 Bd7 11. Bd2 Rac8 12. Qe2 Qh5 13. Qe3 b6 14. Be2 Qc5 15.
Qd3 Ne5 16. Nxe5 Qxe5 17. Be3 Bc6 18. f4 $11 Qe6 19. Bf3 Rfd8 20. Rae1 Qd7 21.
Rd1 e6 22. Qe2 Qe8 23. Rfe1 d5 24. exd5 Nxd5 25. Nxd5 Bxd5 26. Bxd5 exd5 27. c3
Rc6 28. Qf2 Re6 29. f5 gxf5 30. Bd2 Qb5 31. Bc1 Rde8 32. Rf1 Qc4 33. Qxf5 Rf6
34. Qd7 Qc5+ 35. Kh1 Rxf1+ 36. Rxf1 Re7 37. Qd8+ Bf8 38. Bh6 Re6 39. Bxf8 Qxf8
40. Qxd5 1/2-1/2

[Event "SV Unser Fritz 1 - Hervest-Dorstener SK"]
[Site "Verbandsklasse, Gruppe 3 2017"]
[Date "2017.10.08"]
[Round "2.8"]
[White "Pohl, Martin"]
[Black "Schmidt, Christian"]
[Result "1/2-1/2"]
[WhiteElo "1638"]
[BlackElo "1725"]
[PlyCount "60"]
[EventDate "2017.??.??"]

1. c4 Nf6 2. g3 c5 3. Bg2 g6 4. Nc3 Bg7 5. e3 Nc6 6. Nge2 O-O 7. a3 b6 8. O-O
Bb7 9. b3 e6 10. Bb2 Qe7 11. Qc2 d5 12. cxd5 Na5 13. dxe6 Qxe6 14. Nf4 Qd7 15.
Rad1 Bxg2 16. Kxg2 Qb7+ 17. Kg1 Rac8 18. d3 Nc6 19. Ncd5 Nxd5 20. Bxg7 Nxe3 21.
fxe3 Kxg7 22. Qb2+ Kh6 23. Nd5 f5 24. e4 Nd4 25. Qd2+ Kg7 26. Qb2 Kg8 27. b4
Qd7 28. Qa2 Kg7 29. Qb2 Kg8 30. Qa2 Kg7 1/2-1/2

[Event "SC Listiger Bauer Essen 1 - SC Rochade "]
[Site "Verbandsklasse, Gruppe 3 2017"]
[Date "2017.10.08"]
[Round "2.1"]
[White "Dergatschova, Anna"]
[Black "Klups, Christoph"]
[Result "1-0"]
[WhiteElo "2114"]
[BlackElo "1980"]
[PlyCount "59"]
[EventDate "2017.??.??"]

1. e4 e5 2. Nf3 Nc6 3. Bb5 Nf6 4. O-O a6 5. Bxc6 dxc6 6. Nxe5 Bd6 7. Nf3 Nxe4
8. Re1 f5 9. d3 O-O 10. dxe4 fxe4 11. Ng5 Bf5 12. Nc3 Qe7 13. Ncxe4 Rad8 14.
Qe2 h6 15. Qc4+ Kh8 16. Nf3 b5 17. Qxc6 Bd7 18. Qd5 Rxf3 19. Bg5 hxg5 20. Nxd6
Qxd6 21. Qxf3 g4 22. Qg3 Qxg3 23. hxg3 Bf5 24. Rad1 Rc8 25. c3 Kg8 26. Rd5 g6
27. Re7 c5 28. f3 Bb1 29. a3 Bf5 30. Kf2 1-0

[Event "SC Listiger Bauer Essen 1 - SC Rochade "]
[Site "Verbandsklasse, Gruppe 3 2017"]
[Date "2017.10.08"]
[Round "2.2"]
[White "Kunisch, Siegfried"]
[Black "Khasin, Abram"]
[Result "1-0"]
[WhiteElo "1967"]
[BlackElo "2083"]
[PlyCount "59"]
[EventDate "2017.??.??"]

1. e4 e6 2. d4 d5 3. e5 c5 4. c3 Nc6 5. Nf3 Bd7 6. Be2 f6 7. O-O fxe5 8. dxe5
Nge7 9. Re1 h6 10. b4 cxb4 11. cxb4 Nxb4 12. Nh4 Qc7 13. Bh5+ Kd8 14. Na3 g5
15. Nf3 Bg7 16. Qb3 Na6 17. Nb5 Qb6 18. a4 Nc5 19. Qa3 Ne4 20. Rxe4 dxe4 21.
Be3 Qa6 22. Nd6 Rf8 23. Nxe4 Nd5 24. Nc5 Qc6 25. Nd4 Qc8 26. Rc1 Nc7 27. Qd3
Re8 28. Bxe8 Kxe8 29. Qg6+ Kf8 30. Ncxe6+ 1-0

[Event "SC Listiger Bauer Essen 1 - SC Rochade "]
[Site "Verbandsklasse, Gruppe 3 2017"]
[Date "2017.10.08"]
[Round "2.3"]
[White "Lindenmaier, Reinhard"]
[Black "Ball, Joerg"]
[Result "1-0"]
[WhiteElo "1995"]
[BlackElo "1924"]
[Annotator "Daniel"]
[PlyCount "65"]
[EventDate "2017.??.??"]

1. c4 f5 2. g3 Nf6 3. Bg2 g6 4. Nc3 Bg7 5. Nf3 O-O 6. O-O d6 7. d4 Nc6 8. d5
Ne5 9. Nxe5 dxe5 10. Qb3 Nh5 11. Bd2 f4 12. Ne4 h6 13. Bc3 Rb8 14. Rad1 Bf5 15.
d6 exd6 16. c5+ Kh7 17. cxd6 c6 18. Nc5 Qf6 19. Qa3 Qf7 20. Qxa7 Rfd8 21. a3
Be6 22. Nxe6 Qxe6 23. Qc5 Rd7 24. Rd2 Re8 25. Rfd1 Nf6 $11 26. e4 fxe3 27. Qxe3
h5 28. Qe2 Bh6 29. Rd3 e4 30. Rd4 Bf8 31. Rb4 Nd5 32. Rxe4 Nxc3 33. bxc3 1-0

[Event "SC Listiger Bauer Essen 1 - SC Rochade "]
[Site "Verbandsklasse, Gruppe 3 2017"]
[Date "2017.10.08"]
[Round "2.4"]
[White "Mandl, Stefan"]
[Black "Dorgarten, Armin"]
[Result "1/2-1/2"]
[WhiteElo "1904"]
[BlackElo "1928"]
[PlyCount "55"]
[EventDate "2017.??.??"]

1. e4 d5 2. exd5 Nf6 3. Bb5+ Bd7 4. Bc4 b5 5. Bb3 Bg4 6. f3 Bc8 7. a4 b4 8. c4
c6 9. d4 cxd5 10. Ne2 e6 11. O-O Be7 12. Nf4 Ba6 13. cxd5 exd5 14. Re1 O-O 15.
Nd3 Nc6 16. Ne5 Rc8 17. Be3 Bd6 18. Bf2 Re8 19. Nxc6 Rxe1+ 20. Qxe1 Rxc6 21.
Nd2 Qc7 22. Bg3 Bxg3 23. hxg3 h6 24. Kh2 Re6 25. Qc1 Rc6 26. Qe1 Re6 27. Qc1
Rc6 28. Qe1 1/2-1/2

[Event "SC Listiger Bauer Essen 1 - SC Rochade "]
[Site "Verbandsklasse, Gruppe 3 2017"]
[Date "2017.10.08"]
[Round "2.6"]
[White "Jondral, Luis"]
[Black "Storp, Thomas"]
[Result "1/2-1/2"]
[WhiteElo "1629"]
[BlackElo "1820"]
[PlyCount "55"]
[EventDate "2017.??.??"]

1. Nf3 Nf6 2. g3 e6 3. d4 d5 4. Bg2 Be7 5. O-O c5 6. b3 O-O 7. Bb2 Nc6 8. Ne5
cxd4 9. Nxc6 bxc6 10. Bxd4 c5 11. Bb2 Rb8 12. Nd2 Ba6 13. Re1 Bb7 14. e3 Nd7
15. c4 Bf6 16. Qc2 Bxb2 17. Qxb2 Nb6 18. Qc3 dxc4 19. Bxb7 Rxb7 20. Nxc4 Nd5
21. Qd2 Rd7 22. Rad1 Nb6 23. Qe2 Qc7 24. Nxb6 Rxd1 25. Rxd1 axb6 26. Qd3 Rb8
27. Qd7 Qxd7 28. Rxd7 1/2-1/2

[Event "SC Listiger Bauer Essen 1 - SC Rochade "]
[Site "Verbandsklasse, Gruppe 3 2017"]
[Date "2017.10.08"]
[Round "2.7"]
[White "Bruckmann, Jochen"]
[Black "Schettki, Martin"]
[Result "0-1"]
[WhiteElo "1787"]
[BlackElo "1903"]
[Annotator "Daniel"]
[PlyCount "62"]
[EventDate "2017.??.??"]

1. e4 g6 2. d4 Nf6 3. Bd3 Bg7 4. Nf3 O-O 5. O-O c6 6. h3 d5 7. e5 Ne8 8. c3 c5
9. Be3 Nc6 10. Nbd2 cxd4 11. cxd4 f6 12. Bf4 fxe5 13. Bxe5 Nxe5 14. Nxe5 Qb6
15. Nb3 a5 16. Qc2 Nd6 17. Rae1 Nf5 18. Nf3 $11 a4 19. Nc5 Nxd4 20. Nxd4 Bxd4
21. Nxa4 Qd6 22. Kh1 Bxh3 23. gxh3 Qd7 24. Kg2 Rxa4 25. Rxe7 Qxe7 26. Qxa4 Qg5+
27. Kh1 Rf3 28. Qe8+ Kg7 29. Qd7+ Kh6 30. Qg4 Qxg4 31. hxg4 Rxd3 0-1

[Event "SC Listiger Bauer Essen 1 - SC Rochade "]
[Site "Verbandsklasse, Gruppe 3 2017"]
[Date "2017.10.08"]
[Round "2.8"]
[White "Maurer, Markus"]
[Black "Furchtbar, Uwe"]
[Result "1/2-1/2"]
[WhiteElo "1793"]
[BlackElo "1788"]
[PlyCount "43"]
[EventDate "2017.??.??"]

1. d4 d5 2. c4 e6 3. Nc3 Be7 4. Nf3 Nf6 5. Bg5 h6 6. Bh4 Ne4 7. Bxe7 Qxe7 8.
cxd5 Nxc3 9. bxc3 exd5 10. e3 O-O 11. h3 Be6 12. Bd3 Nd7 13. O-O c6 14. Qe2 f5
15. c4 Rae8 16. Rfe1 Qf7 17. Rac1 b6 18. cxd5 Bxd5 19. Bc4 Bxc4 20. Qxc4 Qxc4
21. Rxc4 c5 22. dxc5 1/2-1/2

[Event "SK Sodingen/Castrop 1 - Dortmunder SV 1"]
[Site "Regionalliga 2017/2018"]
[Date "2017.11.12"]
[Round "3.1"]
[White "Ganzer, Uwe"]
[Black "Tomaszewski, Roman"]
[Result "0-1"]
[WhiteElo "2165"]
[BlackElo "2223"]
[PlyCount "102"]
[EventDate "2017.??.??"]

1. Nf3 Nf6 2. c4 c5 3. d4 cxd4 4. Nxd4 b6 5. f3 Bb7 6. e4 Nc6 7. Be3 e6 8. Nc3
Qb8 9. Qd2 Bc5 10. Nc2 Bxe3 11. Nxe3 O-O 12. Be2 Rd8 13. O-O Ne7 14. Rfd1 d5
15. cxd5 exd5 16. Nexd5 Nexd5 17. Nxd5 Nxd5 18. exd5 Rxd5 19. Qc3 Rh5 20. f4
Rc5 21. Qe3 Qf8 22. Rd7 Re8 23. Qd2 Rd5 24. Rxd5 Bxd5 25. Qxd5 Rxe2 26. Rc1 Qe8
27. Kf1 h6 28. Qf5 Re6 29. g3 Qd7 30. Qc2 Qd5 31. Kg1 Qxa2 32. Qc8+ Kh7 33.
Qc2+ g6 34. Rd1 Qa5 35. Kf2 Qh5 36. h4 Rc6 37. Qb3 Qc5+ 38. Kf3 Re6 39. Rd5
Re3+ 40. Qxe3 Qxd5+ 41. Kf2 Qc4 42. b3 Qc2+ 43. Kf3 Qc6+ 44. Kf2 Qd5 45. Qc3 a5
46. Ke3 h5 47. Ke2 b5 48. Qxa5 Qxb3 49. Qa7 Qc2+ 50. Ke3 Qc3+ 51. Ke4 Kg7 0-1

[Event "SK Sodingen/Castrop 1 - Dortmunder SV 1"]
[Site "Regionalliga 2017/2018"]
[Date "2017.11.12"]
[Round "3.2"]
[White "Waldschmidt, Georg"]
[Black "Mallee, Ralph"]
[Result "1/2-1/2"]
[WhiteElo "2209"]
[BlackElo "2087"]
[PlyCount "96"]
[EventDate "2017.??.??"]

1. e4 e5 2. Nf3 Nc6 3. Bb5 f5 4. d3 fxe4 5. dxe4 Nf6 6. O-O d6 7. Qd3 Bg4 8. h3
Bxf3 9. Qxf3 a6 10. Ba4 b5 11. Bb3 Nd4 12. Qd3 Qd7 13. Bg5 Be7 14. Bxf6 Bxf6
15. Nc3 c6 16. Rfd1 a5 17. a4 Nxb3 18. cxb3 b4 19. Ne2 Ke7 20. Rac1 Rhd8 21.
Ng3 g6 22. Nf1 Bg5 23. Rc2 Qb7 24. Qg3 Kf6 25. Nh2 h5 26. Nf3 Bf4 27. Qh4+ Kg7
28. g3 Bh6 29. Nd2 Bxd2 30. Rcxd2 Qc7 31. Qg5 Rac8 32. Kg2 d5 33. exd5 Rxd5 34.
Rxd5 cxd5 35. Rxd5 Re8 36. Qd2 Re7 37. Qd3 e4 38. Qd4+ Kh7 39. Rd8 Qe5 40. Kf1
Qxd4 41. Rxd4 e3 42. Rc4 exf2 43. Kxf2 Re5 44. Kf3 Re1 45. g4 Rh1 46. Kg3 hxg4
47. hxg4 Kh6 48. Rc2 Rd1 1/2-1/2

[Event "SK Sodingen/Castrop 1 - Dortmunder SV 1"]
[Site "Regionalliga 2017/2018"]
[Date "2017.11.12"]
[Round "3.3"]
[White "Wichtrup, Jan-Louis"]
[Black "Boehnke, Martin"]
[Result "0-1"]
[WhiteElo "1966"]
[BlackElo "2118"]
[PlyCount "104"]
[EventDate "2017.??.??"]

1. d4 d5 2. c4 c6 3. cxd5 cxd5 4. Nc3 Nf6 5. Bf4 Nc6 6. e3 Bf5 7. Bd3 Bxd3 8.
Qxd3 e6 9. Rc1 Bd6 10. Bxd6 Qxd6 11. Nf3 O-O 12. O-O Rfc8 13. a3 Na5 14. Ne5
Nc4 15. Nxc4 dxc4 16. Qe2 a6 17. Rfd1 b5 18. e4 Qb6 19. e5 Nd5 20. Nxd5 exd5
21. Rc3 Rab8 22. f4 a5 23. f5 b4 24. axb4 axb4 25. Rg3 f6 26. Qf3 c3 27. Qxd5+
Kh8 28. bxc3 bxc3 29. exf6 Qxf6 30. Rc1 c2 31. Qe4 Rb1 32. Rxb1 cxb1=Q+ 33.
Qxb1 Qxd4+ 34. Kf1 Qd2 35. Rf3 Rc1+ 36. Qxc1 Qxc1+ 37. Kf2 Kg8 38. h3 Kf7 39.
Kg3 Qc7+ 40. Kf2 Qh2 41. Kf1 Kf6 42. Kf2 h5 43. Kf1 h4 44. Kf2 Ke5 45. Kf1 Qh1+
46. Kf2 Qd1 47. Re3+ Kxf5 48. Rf3+ Ke4 49. Re3+ Kf4 50. Re8 Qd4+ 51. Kf1 Kg3
52. Re3+ Kh2 0-1

[Event "SK Sodingen/Castrop 1 - Dortmunder SV 1"]
[Site "Regionalliga 2017/2018"]
[Date "2017.11.12"]
[Round "3.4"]
[White "Graw, Christopher"]
[Black "Huettemann, Karl-Heinz"]
[Result "1/2-1/2"]
[WhiteElo "2163"]
[BlackElo "1965"]
[Annotator "Daniel"]
[PlyCount "101"]
[EventDate "2017.??.??"]

1. d4 d5 2. c4 e6 3. Nc3 Nf6 4. cxd5 exd5 5. Bg5 Nbd7 6. e3 Be7 7. Nf3 h6 8.
Bh4 O-O 9. Bd3 Re8 10. O-O c6 11. Nd2 Ne4 12. Bxe7 Nxc3 13. Bxd8 Nxd1 14. Rfxd1
Rxd8 15. b4 b6 $11 16. Rdc1 Bb7 17. Nb3 g6 18. b5 Rac8 19. bxc6 Bxc6 20. Ba6
Rc7 21. Rc3 Nb8 22. Bd3 Rcc8 23. Rac1 Bb7 24. Rc7 Rxc7 25. Rxc7 Rd7 26. Rc2 Rd8
27. f3 Rc8 28. Kf2 Rxc2+ 29. Bxc2 Kf8 30. Nc1 Ke7 31. Nd3 Nc6 32. Bb3 Na5 33.
Ne5 Nxb3 34. axb3 a5 35. Ke2 g5 36. Kd2 f6 37. Nd3 Ba6 38. Nb2 b5 39. Nd3 Bb7
40. Nc5 Bc6 41. Kc3 Kd6 42. g3 Ba8 43. h4 Bc6 44. hxg5 hxg5 45. Kd3 Ba8 46. f4
g4 47. f5 Bc6 48. Kc3 Ke7 49. Kd3 Kd6 50. Kc3 Ke7 51. Kd3 1/2-1/2